Państwa w których rządzili Habsburgowie - Statystyki

Ogólne statystyki
  • Ten quiz został rozwiązany 59 razy
  • Średni wynik to 7 z 9
Statystyki odpowiedzi
Państwo % Poprawnych
Austria
98%
Węgry
93%
Niemcy
89%
Hiszpania
84%
Czechy
80%
Holandia
76%
Belgia
64%
Portugalia
56%
Meksyk
40%
Nie znaleziono quizów pasujących do podanych kryteriów
Rozkład punktacji
Procent ludzi z każdym wynikiem
Percentyl według liczby udzielonych odpowiedzi
Twoja historia wyników
Nie rozwiązałeś tego quizu